General Knowledge Grab Bag Quiz Stats

Quiz Updated Nov 22, 2014

Also try: Grab Bag (A-Z)
Challenge
Share
Tweet
Embed
Score 0/55 Timer 10:00
4 Plays Today
% Correct
Smell
94.5%
Touch
94.3%
Sight
93.1%
Taste
93%
Hearing
92.6%
George Washington
92.5%
Qatar
90.6%
Abraham Lincoln
89.9%
Maine
86.4%
Montana
85.4%
Rudolph
85.2%
Peace
84.3%
Michigan
84%
Mississippi
83.4%
Minnesota
79.5%
Missouri
79.3%
Massachusetts
79.3%
Prancer
79%
Theodore Roosevelt
78.8%
Dancer
77.3%
Blitzen
77.1%
Vixen
76.7%
Maryland
76.7%
Donner
76.2%
Thomas Jefferson
75.7%
Dasher
74.1%
Abel
73.2%
Cain
72.7%
% Correct
Literature
72.5%
Cupid
69.9%
Physics
67.3%
Comet
67.3%
Romulus
65.6%
Remus
63.9%
Chemistry
62.5%
Long jump
59.3%
High jump
57.1%
Javelin
57%
Shot put
51.6%
100m hurdles
49.3%
The Old Man and the Sea
49.2%
Physiology or Medicine
39.9%
200m
34.2%
Seth
32.3%
800m
31.4%
Economics
31.2%
For Whom the Bell Tolls
30.4%
The Sun Also Rises
25.9%
A Farewell to Arms
25%
To Have and Have Not
7.3%
The Torrents of Spring
5.6%
Across the River and into the Trees
5.4%
Islands in the Stream
5.1%
The Garden of Eden
4.7%
True at First Light
3.3%

You're not logged in!

Compare scores with friends on all Sporcle quizzes.
Sign Up with Email
OR
Log In

You Might Also Like...

Show Comments

Extras

Top Quizzes Today


Score Distribution

Your Account Isn't Verified!

In order to create a playlist on Sporcle, you need to verify the email address you used during registration. Go to your Sporcle Settings to finish the process.